<?xml version="1.0" encoding="UTF-8"?>
<collection xmlns="http://www.loc.gov/MARC21/slim">
 <record>
  <leader>01557nam a2200217Ia 4500</leader>
  <controlfield tag="001">TDMU_20155</controlfield>
  <controlfield tag="008">210410s9999    xx            000 0 und d</controlfield>
  <datafield tag="082" ind1=" " ind2=" ">
   <subfield code="a">324.2597075</subfield>
  </datafield>
  <datafield tag="090" ind1=" " ind2=" ">
   <subfield code="b">Đ106</subfield>
  </datafield>
  <datafield tag="100" ind1=" " ind2=" ">
   <subfield code="a">Đảng Cộng sản Việt Nam</subfield>
  </datafield>
  <datafield tag="245" ind1=" " ind2="0">
   <subfield code="a">Văn kiện Đảng về chống Mỹ, cứu nước</subfield>
  </datafield>
  <datafield tag="245" ind1=" " ind2="0">
   <subfield code="n">T.1</subfield>
  </datafield>
  <datafield tag="245" ind1=" " ind2="0">
   <subfield code="p">1954-1965</subfield>
  </datafield>
  <datafield tag="260" ind1=" " ind2=" ">
   <subfield code="a">H.</subfield>
  </datafield>
  <datafield tag="260" ind1=" " ind2=" ">
   <subfield code="b">Chính trị Quốc gia - Sự thật</subfield>
  </datafield>
  <datafield tag="260" ind1=" " ind2=" ">
   <subfield code="c">2011</subfield>
  </datafield>
  <datafield tag="300" ind1=" " ind2=" ">
   <subfield code="a">1147tr.</subfield>
  </datafield>
  <datafield tag="520" ind1=" " ind2=" ">
   <subfield code="a">Nội dung gồm những chủ trương, đường lối, phương hướng, nhiệm vụ...trong các báo cáo chính trị, nghị quyết, chỉ thị, quyết định, kết luận, thông tri, chương trình...của Trung ương Đảng, Trung ương Cục miền Nam giai đoạn 1954-1965, ngoài ra còn một số bài viết quan trọng của Chủ tịch Hồ Chí Minh về kháng chiến chống Mỹ, cứu nước giai đoạn từ năm 1954 đến năm 1965, được sắp xếp theo trình tự của bộ sách Văn kiện Đảng toàn tập.; LS098</subfield>
   <subfield code="d">Đảng ra đời, lãnh đạo cách mạng Việt Nam từ 1930 đến 1975</subfield>
  </datafield>
  <datafield tag="650" ind1=" " ind2=" ">
   <subfield code="a">Văn kiện Đảng</subfield>
   <subfield code="y">1954-1965</subfield>
   <subfield code="z">Việt Nam ; Lịch sử Việt Nam </subfield>
   <subfield code="y">1954-1965; Đảng Cộng sản Việt Nam</subfield>
   <subfield code="x">Công tác Đảng</subfield>
  </datafield>
  <datafield tag="856" ind1=" " ind2=" ">
   <subfield code="u">http://lrc.tdmu.edu.vn/opac/search/detail.asp?aID=2&amp;ID=20155</subfield>
  </datafield>
  <datafield tag="980" ind1=" " ind2=" ">
   <subfield code="a">Trung tâm Học liệu Trường Đại học Thủ Dầu Một</subfield>
  </datafield>
 </record>
</collection>
